Datum a čas kvízu
27
Celkem bodů
Celkový počet nahraných bodů na tomto kvízu bez doplňovacích otázek.
5.
Pořadí na kvízu
Konečné umístění týmu na tomto kvízu.
Zaznamenané odpovědi
| # | Otázka | Odpověď | Body | Výsledky |
|---|---|---|---|---|
| 1. | O víkendu se v Praze konal 39.... | Alexandra Udženija | 0 | |
| 2. | Druhá česká vicemiss Karolína... | Miss Global | 0 | |
| 3. | Moderátor Libor Bouček překvap... | CNN Prima News | 1 | |
| 4. | V úterý oznámila jedna softwar... | ukončení podpory operačního systému Windows 7 | 1 | |
| 5. | Fotbalovou Slavii opouští zálo... | Drážďany | 1 | |
| 6. | V zatím posledním díle našeho... | Mount McKinley | 1 | |
| 7. | Tomuto tradičnímu kanadskému s... | bobří ocas | 0 | |
| 8. | Jak se jmenuje muž na této fot... | Justin Trudeau | 0 | |
| 9. | Kanadská zpěvačka Alanis Moris... | déšť | 0 | |
| 10. | Se Spojenými státy, kam se pod... | Huronské jezero | 0 |